00453nam a22001577a 450000500170000001000130001702000250003003500130005503700190006808200060008710000190009324500740011226000320018627000530021830000240027120220922130937.0 aB-745668 a9788129104595c95.00 aB-745668 bRupa Paperback aN aBhagat, Chetan aFive point someone: bwhat not to do at IIT novel /cby Chetan Bhagat aNew DelhibRupa & Co.c2010 a7/16, Ansari Road, Darya GanjbNew Delhie110002 a 267p.c22cm. (pbk)